| 000 | 01737nam a22003017a 4500 | ||
|---|---|---|---|
| 003 | OSt | ||
| 005 | 20210210162435.0 | ||
| 008 | 210210s2006 sp a|||gr|||| 00| 0 spa d | ||
| 020 | _a9788431642914 | ||
| 040 |
_aCO-JMCR _cCO-JMCR |
||
| 041 | 1 |
_aspa _heng |
|
| 082 | 0 | 4 |
_aLM / _bLEEn _223 |
| 100 | 1 |
_aLee, Alan, _eautor _913261 |
|
| 245 |
_aNaves negras ante Troya : _bla historia de la Ilíada / _cAlan Lee ; introducción, Carlos García Gual ; traducción, José Ramón Insa, Javier de la Iglesia |
||
| 250 | _aNovena reimpresión | ||
| 260 |
_aEspaña : _bVicens Vives, _c2006 |
||
| 300 |
_a175 páginas : _bilustraciones a color ; _c23 cm. |
||
| 490 | 0 | _aClásicos adaptados | |
| 505 | 0 | _aMitos heroicos y poemas épicos -- Ilíada -- Realidad y leyenda de Troya -- Naves negras ante Troya -- La manzana de oro -- La reunión de la flota -- Altercado con el rey supremo -- Combate singular -- Las troyanas -- La embajada del rey supremo -- Los caballos del rey Reso -- Lluvia roja -- La lucha por las naves -- La armadura de Aquiles -- La venganza de Aquiles -- Juegos fúnebres -- El rescate de Héctor --La suerte de Troya -- Las mujeres guerreras -- La muerte de Aquiles -- La flecha envenenada -- El caballo de madera -- La caída de Troya | |
| 520 | 0 | _aRosemary Sutcliff narra en este libro la guerra de Troya, el más famoso de los conflictos bélicos de la antigüedad, tal y como lo refiere Homero en la Ilíada. | |
| 650 | 2 | 4 |
_aNavegación _91014 |
| 650 | 2 | 4 |
_aAventura y aventureros _913262 |
| 650 | 2 | 4 |
_aBatallas _913263 |
| 700 | 1 |
_aGarcía Gual, Carlos, _eintroducción _913264 |
|
| 700 | 1 |
_aInsa, José Ramón, _etraductor _913265 |
|
| 700 | 1 |
_ade la Iglesia, Javier, _etraductor _913266 |
|
| 942 |
_2ddc _cBK |
||
| 999 |
_c7149 _d7149 |
||